Principles of managerial finance / (Record no. 295008)
[ view plain ]
| 000 -LEADER | |
|---|---|
| fixed length control field | 00535nam a22001817a 4500 |
| 003 - CONTROL NUMBER IDENTIFIER | |
| control field | PILC |
| 005 - DATE AND TIME OF LATEST TRANSACTION | |
| control field | 20160530092825.0 |
| 008 - FIXED-LENGTH DATA ELEMENTS--GENERAL INFORMATION | |
| fixed length control field | 160530b xxu||||| |||| 00| 0 eng d |
| 020 ## - INTERNATIONAL STANDARD BOOK NUMBER | |
| International Standard Book Number | 9780733984006 |
| 050 ## - LIBRARY OF CONGRESS CALL NUMBER | |
| Classification number | HG 4011 |
| Item number | .G447 2008 |
| 100 ## - MAIN ENTRY--PERSONAL NAME | |
| Personal name | Gitman. Lawrence J. |
| 245 ## - TITLE STATEMENT | |
| Title | Principles of managerial finance / |
| Statement of responsibility, etc | Lawrence J. Gitman. |
| 250 ## - EDITION STATEMENT | |
| Edition statement | 5th edition. |
| 260 ## - PUBLICATION, DISTRIBUTION, ETC. (IMPRINT) | |
| Place of publication, distribution, etc | Australia : |
| Name of publisher, distributor, etc | Pearson, |
| Date of publication, distribution, etc | 2008. |
| 300 ## - PHYSICAL DESCRIPTION | |
| Extent | xxi, 834 pages : |
| Other physical details | illustrations ; |
| Dimensions | 25 cm. |
| 500 ## - GENERAL NOTE | |
| General note | Includes appendix and glossary. |
| 942 ## - ADDED ENTRY ELEMENTS (KOHA) | |
| Source of classification or shelving scheme | Library of Congress Classification |
| Koha item type | Books |
| Withdrawn status | Lost status | Source of classification or shelving scheme | Damaged status | Home library | Current library | Shelving location | Date acquired | Source of acquisition | Sub Shelving location | Total Checkouts | Full call number | Barcode | Date last seen | Price effective from | Koha item type | Date checked out |
|---|---|---|---|---|---|---|---|---|---|---|---|---|---|---|---|---|
| Library of Congress Classification | Southville International School Affiliated with Foreign Universities Library | Southville International School Affiliated with Foreign Universities Library | Southville Foreign University Section | 05/30/2016 | Library Fund | HG 4011 .G447 2008 | SFU2605 | 05/15/2018 | 05/30/2016 | Books | ||||||
| Library of Congress Classification | Southville International School Affiliated with Foreign Universities Library | Southville International School Affiliated with Foreign Universities Library | Southville Foreign University Section | 05/30/2016 | Library Fund | 1 | HG 4011 .G447 2008 | SFU2606 | 10/19/2022 | 05/30/2016 | Books | 10/12/2022 |